| 000 | 02584nam2a2200337 4500 | ||
|---|---|---|---|
| 001 | RU\NLR\BIBL_A\010892683 | ||
| 005 | 20250810071822.0 | ||
| 010 |
_a978-5-905273-58-2 _9200 |
||
| 021 |
_aRU _b15-83239 |
||
| 035 | _a(NLR Aleph) 010892683 | ||
| 090 |
_a10562235 _c10562235 |
||
| 100 | _a20151113d2014 u y0rusy50 ca | ||
| 101 | 0 | _arus | |
| 102 | _aRU | ||
| 105 | _aach z 100cy | ||
| 200 | 0 |
_aВып. 10 _eстатьи. Воспоминания. Документы _eматериалы Международной научно-практической конференции "Связь времен: война и ее отражение в современном музее", посвященной 70-летию Государственного мемориального музея обороны и блокады Ленинграда, 28-29 апреля 2014 г. _f[сост.: С.Ю. Курносов, А.В. Кутузов _g]отв. ред. А.В. Кутузов |
|
| 210 |
_aСанкт-Петербург _cПрезидентская библиотека _d2014 |
||
| 215 |
_a359, [1] с. _cил., цв. ил., портр., факс. _d21 |
||
| 320 | _aБиблиогр. в подстроч. примеч. | ||
| 461 | 0 |
_1001RU\NLR\bibl\1160498 _12001#$aЗабвению не подлежит$vВып. 10 _91455053 _cСанкт-Петербург _d2004 _fПравительство Санкт-Петербурга, Ком по культуре, Гос. мемориал. музей обороны и блокады Ленинграда _n[б. и.] _oстатьи, воспоминания, документы _tЗабвению не подлежит _vВып. 10 |
|
| 601 | 0 | 2 |
_aГосударственный мемориальный музей обороны и блокады Ленинграда _cСанкт-Петербург, город _jСъезды, совещания и т.п _92499341 _3RU\NLR\AUTH\661482472 |
| 686 | 1 | _aТ3(2)722.721л61я431 | |
| 686 | 1 | _aЦ35(2)722.11(2Р-4Ле-2Ленинград)л61я431 | |
| 702 | 1 |
_aКурносов _bС. Ю. _gСергей Юрьевич _4220 |
|
| 702 | 1 |
_aКутузов _bА. В. _gАлександр Владиславович _4340 |
|
| 711 | 1 | 2 |
_a"Связь времен: война и ее отражение в современном музее", международная научно-практическая конференция _eСанкт-Петербург _f2014 _9492352 _3RU\NLR\AUTH\880413534 |
| 942 | _cBOOK | ||
| 980 | _aNB | ||